[Event "TUR-ch (Women)"]
[Site "Corum"]
[Date "2021.06.16"]
[Round "4"]
[White "Kargaci, Humeyra"]
[Black "Karatiken, Beray"]
[Result "1-0"]
[WhiteElo "1747"]
[BlackElo "1205"]
[PlyCount "63"]
[EventDate "2021.06.13"]
[EventType "swiss"]
[EventRounds "7"]
[EventCountry "TUR"]
[SourceTitle "CBM 203 Extra"]
[Source "ChessBase"]
[SourceDate "2021.09.30"]
[SourceVersion "1"]
[SourceVersionDate "2021.09.30"]
[SourceQuality "1"]

1. c4 Nf6 2. Nf3 Nc6 3. d4 d5 4. g3 dxc4 5. Nc3 e6 6. Bg2 Bb4 7. Bd2 0-0 8. e3 Re8 9. Qe2 e5 10. dxe5 Nxe5 11. Nxe5 Rxe5 12. Qxc4 Ba5 13. Rd1 c6 14. 0-0 Bg4 15. f3 Bh5 16. g4 Bg6 17. e4 Qb6+ 18. Kh1 h5 19. g5 Ne8 20. f4 Re7 21. f5 Nd6 22. Qd3 Rd8 23. fxg6 Nxe4 24. gxf7+ Kf8 25. Qxd8+ Qxd8 26. Nxe4 Qc7 27. Bf4 Re5 28. Bxe5 Qxe5 29. b4 Bc7 30. Ng3 Qxg5 31. Rde1 Be5 32. Rf5 1-0

[Event "TUR-chT 1st League"]
[Site "Konya"]
[Date "2019.07.27"]
[Round "8.10"]
[White "Sahin, Sena"]
[Black "Kargaci, Humeyra"]
[Result "0-1"]
[WhiteElo "1217"]
[BlackElo "1699"]
[PlyCount "80"]
[EventDate "2019.07.22"]
[EventType "team-swiss"]
[EventRounds "9"]
[EventCountry "TUR"]
[SourceTitle "CBM 191 Extra"]
[Source "ChessBase"]
[SourceDate "2019.09.30"]
[SourceVersion "1"]
[SourceVersionDate "2019.09.30"]
[SourceQuality "1"]
[WhiteTeam "Ankara DSI Genclik"]
[BlackTeam "Genc Akademisyenler"]
[WhiteTeamCountry "TUR"]
[BlackTeamCountry "TUR"]

1. d4 Nf6 2. c4 g6 3. Nc3 d5 4. e3 Bg7 5. Nf3 0-0 6. b3 c5 7. dxc5 Ne4 8. Nxe4 Bxa1 9. cxd5 Bf5 10. Ng3 Bg4 11. Ne4 Bg7 12. h3 Bf5 13. Ng3 Qa5+ 14. Bd2 Qxc5 15. Nxf5 gxf5 16. Qb1 Qxd5 17. Bc4 Qd7 18. e4 e6 19. exf5 exf5 20. 0-0 Nc6 21. Qc1 Kh8 22. Rd1 Rad8 23. Re1 Nd4 24. Nxd4 Qxd4 25. Be3 Qd7 26. Be2 Rc8 27. Qb1 Rc6 28. Bb5 Z0 29. Bxc6 Qxc6 30. Kh1 Be5 31. Rg1 f4 32. Bc1 f3 33. g4 Qf6 34. Qe4 h6 35. Be3 Rd8 36. Qxb7 Bb8 37. Qe4 Qd6 38. Rg3 Qd1+ 39. Rg1 Qxg1+ 40. Kxg1 Rd1# 0-1

[Event "TUR-chT 1st League"]
[Site "Konya"]
[Date "2019.07.23"]
[Round "2.3"]
[White "Tikvesli, Ceylin"]
[Black "Kargaci, Humeyra"]
[Result "0-1"]
[WhiteElo "1598"]
[BlackElo "1699"]
[PlyCount "134"]
[EventDate "2019.07.22"]
[EventType "team-swiss"]
[EventRounds "9"]
[EventCountry "TUR"]
[SourceTitle "CBM 191 Extra"]
[Source "ChessBase"]
[SourceDate "2019.09.30"]
[SourceVersion "1"]
[SourceVersionDate "2019.09.30"]
[SourceQuality "1"]
[WhiteTeam "Manisa Turkuaz"]
[BlackTeam "Genc Akademisyenler"]
[WhiteTeamCountry "TUR"]
[BlackTeamCountry "TUR"]

1. e4 e5 2. Nf3 Nc6 3. Bc4 Bc5 4. c3 Nf6 5. d3 0-0 6. Nbd2 d6 7. Bb3 Be6 8. h3 Qe7 9. 0-0 Rad8 10. Re1 Nh5 11. Nf1 Bxb3 12. Qxb3 Bb6 13. Bg5 Nf6 14. Ng3 Qe6 15. Qxe6 fxe6 16. Rad1 h6 17. Bxf6 Rxf6 18. d4 Rdf8 19. Re2 Ne7 20. dxe5 dxe5 21. Nh5 R6f7 22. Rd7 Nc6 23. Rxf7 Rxf7 24. Rd2 g6 25. Ng3 Kg7 26. Ne2 g5 27. Nc1 Kf6 28. Nd3 Rd7 29. Kf1 h5 30. g3 g4 31. hxg4 hxg4 32. Nfe1 Nd8 33. Kg2 Nf7 34. Re2 Ng5 35. Nc1 c5 36. f3 c4 37. a3 Rd1 38. Na2 a5 39. f4 Nf7 40. Nc2 exf4 41. gxf4 e5 42. fxe5+ Nxe5 43. Nd4 Ra1 44. Nb4 axb4 45. axb4 Rd1 46. Rf2+ Nf3 47. e5+ Kxe5 48. Nxf3+ gxf3+ 49. Rxf3 Rd2+ 50. Kg3 Rxb2 51. Rf7 Rb3 52. Rxb7 Rxc3+ 53. Kg4 Bg1 54. b5 Rb3 55. Rc7 Kd4 56. Rd7+ Kc5 57. Rd1 Bd4 58. Kf4 Rxb5 59. Ke4 Bg7 60. Rh1 c3 61. Kd3 Rb2 62. Rh5+ Kb4 63. Rh7 Rd2+ 64. Ke3 Bd4+ 65. Ke4 c2 66. Rb7+ Kc4 67. Rc7+ Bc5 0-1

[Event "EU-ch U16 Girls 28th"]
[Site "Riga"]
[Date "2018.08.26"]
[Round "6"]
[White "Kvendseth, Thyra"]
[Black "Kargaci, Humeyra"]
[Result "1/2-1/2"]
[WhiteElo "1905"]
[BlackElo "1676"]
[PlyCount "50"]
[EventDate "2018.08.20"]
[EventType "swiss"]
[EventRounds "9"]
[EventCountry "LAT"]
[SourceTitle "CBM 186 Extra"]
[Source "ChessBase"]
[SourceDate "2018.08.24"]
[SourceVersion "1"]
[SourceVersionDate "2018.08.24"]
[SourceQuality "1"]

1. d4 Nf6 2. c4 g6 3. Nf3 Bg7 4. g3 0-0 5. Bg2 c6 6. 0-0 d5 7. Qb3 dxc4 8. Qxc4 Be6 9. Qc2 Bf5 10. Qb3 Qb6 11. Nc3 Na6 12. Qxb6 axb6 13. Bf4 Rfd8 14. Rad1 Nh5 15. Bg5 Nf6 16. Rfe1 Nb4 17. e4 Bg4 18. e5 Bxf3 19. Bxf3 Nc2 20. Re2 Nxd4 21. Rxd4 Rxd4 22. exf6 Bxf6 23. Bxf6 exf6 24. Re7 Rb8 25. Bd1 Kf8 1/2-1/2

[Event "EU-ch U16 Girls 28th"]
[Site "Riga"]
[Date "2018.08.22"]
[Round "3"]
[White "Kargaci, Humeyra"]
[Black "Djidjeli, Sarah"]
[Result "0-1"]
[WhiteElo "1676"]
[BlackElo "1961"]
[PlyCount "43"]
[EventDate "2018.08.20"]
[EventType "swiss"]
[EventRounds "9"]
[EventCountry "LAT"]
[SourceTitle "CBM 186 Extra"]
[Source "ChessBase"]
[SourceDate "2018.08.24"]
[SourceVersion "1"]
[SourceVersionDate "2018.08.24"]
[SourceQuality "1"]

1. c4 Nf6 2. Nf3 g6 3. g3 Bg7 4. Bg2 0-0 5. Nc3 d5 6. cxd5 Nxd5 7. 0-0 Nc6 8. d4 Nb6 9. e3 Na5 10. b3 Nc6 11. Bb2 a5 12. Nd2 Nb4 13. Nc4 c6 14. a3 N4d5 15. Qc2 Be6 16. Ne2 a4 17. Nxb6 axb3 18. Qxb3 Nxb6 19. Qc2 Qd6 20. Nf4 Nc4 21. Nxe6 Qxe6 22. Rfb1 0-1

[Event "EU-ch U16 Girls 28th"]
[Site "Riga"]
[Date "2018.08.21"]
[Round "2"]
[White "Bucur, Denisa Andreea"]
[Black "Kargaci, Humeyra"]
[Result "1-0"]
[WhiteElo "2077"]
[BlackElo "1676"]
[PlyCount "102"]
[EventDate "2018.08.20"]
[EventType "swiss"]
[EventRounds "9"]
[EventCountry "LAT"]
[SourceTitle "CBM 186 Extra"]
[Source "ChessBase"]
[SourceDate "2018.08.24"]
[SourceVersion "1"]
[SourceVersionDate "2018.08.24"]
[SourceQuality "1"]

1. Nf3 Nf6 2. c4 c5 3. Nc3 Nc6 4. e3 g6 5. d4 cxd4 6. exd4 d5 7. cxd5 Nxd5 8. Qb3 e6 9. Bg5 Qa5 10. Bd2 Qd8 11. Bc4 Nb6 12. Bb5 Bg7 13. 0-0 0-0 14. Bxc6 bxc6 15. Bg5 Qc7 16. Ne4 Nd5 17. Rfc1 Bd7 18. Rc2 Rfb8 19. Qa3 Rb5 20. Bd2 Rab8 21. Nd6 R5b6 22. Nc4 Bf8 23. Qd3 Nb4 24. Bxb4 Rxb4 25. a3 Rb3 26. Qe4 f6 27. Nfd2 R3b5 28. b4 Rh5 29. g3 e5 30. Qf3 exd4 31. Ne4 Rf5 32. Qd3 Bg7 33. Qxd4 Rd5 34. Nxf6+ Bxf6 35. Qxf6 Rf8 36. Qb2 Bh3 37. Ne3 Rd3 38. Rc3 Rxc3 39. Qxc3 Qf7 40. Qc4 Be6 41. Qe2 Re8 42. Rc1 Bd5 43. Qg4 Re4 44. Qg5 Kg7 45. Nxd5 cxd5 46. Qd8 Re8 47. Qd6 Re6 48. Qc5 Rf6 49. Qd4 Kh6 50. Re1 Rf5 51. Kg2 g5 1-0

[Event "TUR-chT 1st League"]
[Site "Konya"]
[Date "2018.07.17"]
[Round "2.7"]
[White "Tanir, Simay"]
[Black "Kargaci, Humeyra"]
[Result "1/2-1/2"]
[WhiteElo "1459"]
[BlackElo "1690"]
[PlyCount "109"]
[EventDate "2018.07.16"]
[EventType "team-swiss"]
[EventRounds "9"]
[EventCountry "TUR"]
[SourceTitle "EXT 2019"]
[Source "ChessBase"]
[SourceDate "2018.10.10"]
[SourceVersion "1"]
[SourceVersionDate "2018.10.10"]
[SourceQuality "1"]
[WhiteTeam "Burdurspor Dernegi"]
[BlackTeam "Varyant Genclik"]
[WhiteTeamCountry "TUR"]
[BlackTeamCountry "TUR"]

1. d4 Nf6 2. c4 g6 3. f3 d5 4. cxd5 Nxd5 5. e4 Nb6 6. Nc3 Bg7 7. Be3 c6 8. Qd2 Be6 9. 0-0-0 h6 10. h4 h5 11. Nh3 Nc4 12. Bxc4 Bxc4 13. Nf2 Nd7 14. g4 Qa5 15. b3 Ba6 16. Na4 Qxd2+ 17. Rxd2 b6 18. g5 0-0 19. f4 Rfd8 20. f5 Rac8 21. Rhd1 Nf8 22. Nh1 Nd7 23. Ng3 e6 24. f6 Bf8 25. Kb2 Bd6 26. e5 Bb4 27. Rc2 b5 28. Nc3 Nb6 29. a3 Bf8 30. Nge4 Nd5 31. Nxd5 cxd5 32. Nc5 Bxc5 33. dxc5 Bb7 34. Bd4 Bc6 35. b4 Ra8 36. Bc3 Rd7 37. Kb3 Rad8 38. Bd4 Ra8 39. Bc3 Rc7 40. Ra1 Be8 41. Bd4 a5 42. Rcc1 Bc6 43. Rd1 Rca7 44. Kb2 axb4 45. axb4 Ra4 46. Rxa4 bxa4 47. Ka3 Kf8 48. Rb1 Bb5 49. Rc1 Rc8 50. Rc3 Ke8 51. Rc1 Kd7 52. Rc3 Kc6 53. Rc1 Bc4 54. Rc3 Kb5 55. Rc1 1/2-1/2

[Event "TUR-ch (Women)"]
[Site "Antalya"]
[Date "2018.03.07"]
[Round "5"]
[White "Kargaci, Humeyra"]
[Black "Turunz, Dilek"]
[Result "1-0"]
[WhiteElo "1709"]
[BlackElo "1324"]
[PlyCount "128"]
[EventDate "2018.03.05"]
[EventType "swiss"]
[EventRounds "9"]
[EventCountry "TUR"]
[SourceTitle "CBM 183 Extra"]
[Source "ChessBase"]
[SourceDate "2018.04.19"]
[SourceVersion "1"]
[SourceVersionDate "2018.04.19"]
[SourceQuality "1"]

1. c4 c6 2. Nf3 d5 3. e3 Nf6 4. b3 Bf5 5. Bb2 e6 6. Nc3 Bd6 7. d4 0-0 8. Be2 h6 9. 0-0 Qc7 10. c5 Be7 11. Ne5 Nbd7 12. f4 Nxe5 13. fxe5 Nd7 14. Bg4 Bh7 15. Qe1 b6 16. cxb6 axb6 17. Qg3 Qd8 18. Ne2 Bh4 19. Qh3 Nb8 20. Nf4 Be4 21. Nxe6 fxe6 22. Bxe6+ Kh8 23. Rxf8+ Qxf8 24. Qxh4 Qe8 25. Bh3 Na6 26. Ba3 Nc7 27. Bd6 Nb5 28. a4 Nxd6 29. exd6 Rd8 30. d7 Qf8 31. Rf1 Qg8 32. Be6 Qxe6 33. Qxd8+ Kh7 34. Qe8 Qg4 35. Qxe4+ Qxe4 36. d8Q Qxe3+ 37. Kh1 Qxd4 38. Qf8 Qc3 39. Qf3 Qe5 40. Qf5+ Qxf5 41. Rxf5 Kg6 42. Rf1 c5 43. Rc1 Kf5 44. a5 bxa5 45. Rxc5 Ke4 46. Rxa5 d4 47. Ra1 Ke3 48. b4 d3 49. b5 d2 50. b6 Ke2 51. b7 d1Q+ 52. Rxd1 Kxd1 53. b8Q Ke2 54. Qe5+ Kf2 55. Qxg7 h5 56. Qf7+ Ke3 57. Qxh5 Ke4 58. g4 Kf4 59. g5 Kf5 60. g6+ Kf6 61. Qh7 Kg5 62. g7 Kf6 63. g8Q Ke5 64. Qg5+ Ke6 1-0

[Event "TUR-ch (Women)"]
[Site "Antalya"]
[Date "2018.03.06"]
[Round "2"]
[White "Kargaci, Humeyra"]
[Black "Tepeli, Sugra"]
[Result "1-0"]
[WhiteElo "1709"]
[BlackElo "1395"]
[PlyCount "125"]
[EventDate "2018.03.05"]
[EventType "swiss"]
[EventRounds "9"]
[EventCountry "TUR"]
[SourceTitle "CBM 183 Extra"]
[Source "ChessBase"]
[SourceDate "2018.04.19"]
[SourceVersion "1"]
[SourceVersionDate "2018.04.19"]
[SourceQuality "1"]

1. c4 c5 2. Nc3 Nc6 3. g3 g6 4. Bg2 Bg7 5. Nf3 Nf6 6. 0-0 0-0 7. d4 cxd4 8. Nxd4 Nxd4 9. Qxd4 d6 10. Qd2 Qc7 11. b3 Bd7 12. Bb2 Bc6 13. e4 Rfd8 14. Rac1 e6 15. Rfd1 a6 16. Nd5 Bxd5 17. cxd5 Qd7 18. dxe6 fxe6 19. Rc4 Rab8 20. Rdc1 Rbc8 21. Rxc8 Rxc8 22. Rxc8+ Qxc8 23. Ba3 Bf8 24. Bxd6 Qd7 25. Bf4 Qxd2 26. Bxd2 e5 27. Bc3 Bd6 28. h3 Kf7 29. Kf1 Ke6 30. Ke2 Nd7 31. Ke3 Nc5 32. Bf1 b5 33. h4 h5 34. Bh3+ Ke7 35. f4 exf4+ 36. gxf4 Ne6 37. f5 gxf5 38. exf5 Nf8 39. Kf3 Nh7 40. Bf1 Kf7 41. Bd3 Be7 42. Kg3 Bd6+ 43. Kh3 Nf6 44. Bd2 Nd5 45. a4 Nc7 46. Bg5 bxa4 47. Bc4+ Ke8 48. bxa4 a5 49. Be2 Nd5 50. Bxh5+ Kf8 51. Bf3 Nc3 52. Bc6 Kg7 53. Bd8 Bb4 54. Kg4 Ne2 55. Bb6 Kf6 56. h5 Nc3 57. Bd4+ Kf7 58. h6 Kg8 59. Kh5 Ne2 60. Be5 Bd2 61. Bg7 Ng3+ 62. Kg6 Bxh6 63. Bd5# 1-0

[Event "TUR-chT"]
[Site "Kocaeli"]
[Date "2017.08.04"]
[Round "10.2"]
[White "Yassibag, Ipek Asli"]
[Black "Kargaci, Humeyra"]
[Result "1-0"]
[WhiteElo "1880"]
[BlackElo "1737"]
[PlyCount "39"]
[EventDate "2017.07.26"]
[EventType "team-tourn"]
[EventRounds "13"]
[EventCountry "TUR"]
[SourceTitle "CBM 179 Extra"]
[Source "ChessBase"]
[SourceDate "2017.08.23"]
[SourceVersion "1"]
[SourceVersionDate "2017.08.23"]
[SourceQuality "1"]
[WhiteTeam "Izmir Tas Duvar"]
[BlackTeam "Varyant Yontem"]
[WhiteTeamCountry "TUR"]
[BlackTeamCountry "TUR"]

1. e4 e5 2. Nf3 Nc6 3. Bc4 Bc5 4. 0-0 Nf6 5. d4 exd4 6. e5 d5 7. exf6 dxc4 8. Re1+ Be6 9. Ng5 g6 10. Qf3 Qd7 11. Rxe6+ fxe6 12. f7+ Ke7 13. Ne4 Qd5 14. Bg5+ Kf8 15. Qf6 h6 16. Qxh8+ Kxf7 17. Qh7+ Kf8 18. Bxh6+ Ke8 19. Nf6+ Kd8 20. Nxd5 1-0

[Event "TUR-chT"]
[Site "Kocaeli"]
[Date "2017.08.03"]
[Round "9.5"]
[White "Kargaci, Humeyra"]
[Black "Sade, Defne"]
[Result "0-1"]
[WhiteElo "1737"]
[BlackElo "1654"]
[PlyCount "64"]
[EventDate "2017.07.26"]
[EventType "team-tourn"]
[EventRounds "13"]
[EventCountry "TUR"]
[SourceTitle "CBM 179 Extra"]
[Source "ChessBase"]
[SourceDate "2017.08.23"]
[SourceVersion "1"]
[SourceVersionDate "2017.08.23"]
[SourceQuality "1"]
[WhiteTeam "Varyant Yontem"]
[BlackTeam "Deniz su Aquamatch"]
[WhiteTeamCountry "TUR"]
[BlackTeamCountry "TUR"]

1. d4 d5 2. Nf3 Nf6 3. c4 c6 4. Nc3 dxc4 5. a4 Bf5 6. e3 e6 7. Bxc4 Bb4 8. Qb3 Qe7 9. Bd2 a5 10. 0-0 0-0 11. Rfe1 Bg6 12. Ne2 Na6 13. Bxb4 Nxb4 14. Rac1 b5 15. axb5 cxb5 16. Bxb5 Rfb8 17. Nc3 Nd3 18. Ne5 Nxc1 19. Rxc1 Qb4 20. Qc4 Qxb2 21. Rf1 Nd5 22. Bc6 Nxc3 23. Bxa8 Rxa8 24. Qc6 Be4 25. Qc7 Ne2+ 26. Kh1 Qb7 27. Qxb7 Bxb7 28. Ra1 Bd5 29. Nd7 a4 30. Nb6 Ra6 31. Nxa4 Nc3 32. Rc1 Rxa4 0-1

[Event "TUR-chT"]
[Site "Kocaeli"]
[Date "2017.07.30"]
[Round "5.3"]
[White "Kargaci, Humeyra"]
[Black "Avramidou, Anastasia"]
[Result "0-1"]
[WhiteElo "1737"]
[BlackElo "2247"]
[PlyCount "92"]
[EventDate "2017.07.26"]
[EventType "team-tourn"]
[EventRounds "13"]
[EventCountry "TUR"]
[SourceTitle "CBM 179 Extra"]
[Source "ChessBase"]
[SourceDate "2017.08.23"]
[SourceVersion "1"]
[SourceVersionDate "2017.08.23"]
[SourceQuality "1"]
[WhiteTeam "Varyant Yontem"]
[BlackTeam "Panelsan Genc"]
[WhiteTeamCountry "TUR"]
[BlackTeamCountry "TUR"]

1. d4 Nf6 2. Nf3 e6 3. c4 b6 4. Nc3 Bb7 5. g3 d5 6. cxd5 exd5 7. Bg2 Be7 8. Bf4 0-0 9. 0-0 Na6 10. Rc1 Re8 11. Qc2 c6 12. Rfd1 Nc7 13. Nh4 Ne6 14. Nf5 Nxf4 15. Nxe7+ Qxe7 16. gxf4 Ng4 17. h3 Nh6 18. e3 Qh4 19. Ne2 Re6 20. f5 Rf6 21. Ng3 Re8 22. e4 Bc8 23. e5 Bxf5 24. Nxf5 Rxf5 25. Qxc6 Qxf2+ 26. Kh1 Rf8 27. Qxd5 Rg5 28. Rf1 Qxb2 29. Rc7 g6 30. Rxa7 Rf5 31. Rxf5 Nxf5 32. e6 Qc1+ 33. Kh2 Qf4+ 34. Kg1 Qe3+ 35. Kh2 fxe6 36. Qd7 Qf4+ 37. Kg1 Qxd4+ 38. Qxd4 Nxd4 39. Rb7 b5 40. Rd7 Ne2+ 41. Kh1 Rf2 42. Bc6 b4 43. Rb7 Nd4 44. Ba4 Nf3 45. Rb8+ Kg7 46. Rb7+ Kh6 0-1

[Event "EU School-ch U15 Girls"]
[Site "Budva"]
[Date "2017.06.14"]
[Round "4"]
[White "Kargaci, Humeyra"]
[Black "Fairuzova, Zulfiiya"]
[Result "1-0"]
[WhiteElo "1715"]
[BlackElo "1607"]
[PlyCount "52"]
[EventDate "2017.06.11"]
[EventType "swiss"]
[EventRounds "9"]
[EventCountry "MNE"]
[SourceTitle "EXT 2024"]
[Source "ChessBase"]
[SourceDate "2023.10.10"]
[SourceVersion "1"]
[SourceVersionDate "2023.10.10"]
[SourceQuality "1"]

1. Nf3 Nf6 2. c4 e6 3. g3 d5 4. Bg2 Be7 5. 0-0 0-0 6. b3 b6 7. Bb2 Bb7 8. Ne5 Nbd7 9. d4 Qc8 10. Nd2 dxc4 11. Nc6 Re8 12. bxc4 Nb8 13. Nxe7+ Rxe7 14. e4 c6 15. Rc1 Qd8 16. d5 exd5 17. Bxf6 gxf6 18. cxd5 cxd5 19. exd5 Na6 20. Qg4+ Kh8 21. Qd4 Rd7 22. Ne4 Kg7 23. Nxf6 Qxf6 24. Qg4+ Kf8 25. Qxd7 Rb8 26. d6 Bxg2 1-0

[Event "EU School-ch U15 Girls"]
[Site "Budva"]
[Date "2017.06.12"]
[Round "2"]
[White "Kargaci, Humeyra"]
[Black "Granovskaya, Ekaterina"]
[Result "0-1"]
[WhiteElo "1715"]
[BlackElo "1819"]
[PlyCount "32"]
[EventDate "2017.06.11"]
[EventType "swiss"]
[EventRounds "9"]
[EventCountry "MNE"]
[SourceTitle "EXT 2024"]
[Source "ChessBase"]
[SourceDate "2023.10.10"]
[SourceVersion "1"]
[SourceVersionDate "2023.10.10"]
[SourceQuality "1"]

1. d4 d5 2. Nf3 Nf6 3. e3 Bg4 4. Be2 c6 5. 0-0 e6 6. h3 Bh5 7. b3 Bd6 8. Bb2 Nbd7 9. Ne5 Bxe2 10. Qxe2 Qc7 11. f4 Ne4 12. Rf3 f6 13. Nxd7 Qxd7 14. Nd2 f5 15. Nxe4 fxe4 16. Rff1 0-0 0-1

[Event "TUR-chT2"]
[Site "Konya"]
[Date "2016.07.19"]
[Round "5.2"]
[White "Bayram, Irem Inci"]
[Black "Kargaci, Humeyra"]
[Result "1-0"]
[WhiteElo "1601"]
[BlackElo "1691"]
[PlyCount "61"]
[EventDate "2016.07.17"]
[EventType "team-swiss"]
[EventRounds "9"]
[EventCountry "TUR"]
[SourceTitle "CBM 173 Extra"]
[Source "ChessBase"]
[SourceDate "2016.08.29"]
[SourceVersion "1"]
[SourceVersionDate "2016.08.29"]
[SourceQuality "1"]
[WhiteTeam "Izmir Rota Koleji"]
[BlackTeam "Sivas Varyant"]
[WhiteTeamCountry "TUR"]
[BlackTeamCountry "TUR"]

1. e4 e5 2. Nf3 Nc6 3. Bb5 a6 4. Ba4 Nf6 5. 0-0 Nxe4 6. d4 b5 7. Bb3 d5 8. dxe5 Be6 9. c3 Be7 10. Nbd2 0-0 11. Bc2 f5 12. exf6 Nxf6 13. Ng5 Bg4 14. f3 Bc5+ 15. Kh1 Bd7 16. Nb3 Bb6 17. Nxh7 Nxh7 18. Qxd5+ Rf7 19. Bxh7+ Kxh7 20. Qxf7 Qh4 21. Qxd7 Rh8 22. Qxc6 g6 23. Qd7+ Kg8 24. h3 Qg3 25. Qg4 Qd6 26. Bf4 Qf6 27. Qg5 Qe6 28. Qg4 Qf6 29. Rfe1 Rh5 30. Qc8+ Kh7 31. Qd7+ 1-0

[Event "TUR-chT2"]
[Site "Konya"]
[Date "2016.07.17"]
[Round "1.5"]
[White "Kargaci, Humeyra"]
[Black "Karagulle, Hulya"]
[Result "1-0"]
[WhiteElo "1691"]
[BlackElo "1519"]
[PlyCount "91"]
[EventDate "2016.07.17"]
[EventType "team-swiss"]
[EventRounds "9"]
[EventCountry "TUR"]
[SourceTitle "CBM 173 Extra"]
[Source "ChessBase"]
[SourceDate "2016.08.29"]
[SourceVersion "1"]
[SourceVersionDate "2016.08.29"]
[SourceQuality "1"]
[WhiteTeam "Sivas Varyant"]
[BlackTeam "Gaziantep Sader"]
[WhiteTeamCountry "TUR"]
[BlackTeamCountry "TUR"]

1. d4 Nf6 2. Nf3 e6 3. e3 c5 4. Bd3 b6 5. 0-0 Ba6 6. Bxa6 Nxa6 7. Qe2 Nc7 8. b3 cxd4 9. exd4 b5 10. c4 bxc4 11. bxc4 Be7 12. Nc3 0-0 13. Be3 d6 14. Rab1 Qd7 15. Rb7 Rfb8 16. Qb2 Rxb7 17. Qxb7 a6 18. c5 dxc5 19. dxc5 Rd8 20. c6 Qc8 21. Bb6 Nfe8 22. Rb1 f5 23. Na4 Bd6 24. Bxc7 Nxc7 25. Nb6 Qxb7 26. cxb7 Nd5 27. Nxd5 exd5 28. Nd4 Bb8 29. Rc1 Re8 30. Rc8 Kf7 31. Rxe8 Kxe8 32. Nc6 Bc7 33. b8Q+ Bxb8 34. Nxb8 a5 35. Nc6 a4 36. Nb4 d4 37. Kf1 Kd7 38. Ke2 Kd6 39. Kd3 Kc5 40. a3 g6 41. Nc2 Kd5 42. Nxd4 Kc5 43. Ne6+ Kd5 44. Nf8 h6 45. Nxg6 Ke6 46. Nf4+ 1-0

[Event "World ol U16 11th"]
[Site "Istanbul"]
[Date "2012.09.01"]
[Round "5.19"]
[White "Kargaci, Humeyra"]
[Black "Chahrour, Ibrahim"]
[Result "0-1"]
[WhiteElo "1514"]
[BlackElo "1953"]
[PlyCount "60"]
[EventDate "2012.08.29"]
[EventType "team-swiss"]
[EventRounds "10"]
[EventCountry "TUR"]
[SourceTitle "EXT 2017"]
[Source "ChessBase"]
[SourceDate "2016.10.25"]
[SourceVersion "1"]
[SourceVersionDate "2016.10.25"]
[SourceQuality "1"]
[WhiteTeam "Turkey White U16 Girls"]
[BlackTeam "Lebanon (U16)"]
[WhiteTeamCountry "TUR"]
[BlackTeamCountry "LBN"]

1. c4 e5 2. Nc3 f5 3. d3 Nc6 4. Nf3 Bc5 5. g3 d6 6. Bg2 Nf6 7. 0-0 0-0 8. a3 a5 9. Rb1 Qe8 10. Nd2 Qg6 11. Nd5 Nxd5 12. cxd5 Ne7 13. b4 axb4 14. axb4 Ba7 15. Qb3 f4 16. Ne4 fxg3 17. Nxg3 Nf5 18. Be4 h5 19. Kh1 Nxg3+ 20. hxg3 Qg4 21. e3 h4 22. gxh4 Rf3 23. Bxf3 Qxf3+ 24. Kh2 Qh3+ 25. Kg1 Qg4+ 26. Kh2 Qxh4+ 27. Kg1 Bh3 28. Qc4 Qg5+ 29. Qg4 Qxg4+ 30. Kh2 Qg2# 0-1